Prénoms des compositeurs - Statistiques

Statistiques générales
  • Ce quiz a été pris 145 fois
  • Le résultat moyen est 9 sur 15
Statistiques - réponses
Prénom Nom de famille % Correct
Ludwig van Beethoven
95%
Frédéric Chopin
92%
Maurice Ravel
91%
Claude Debussy
85%
Franz Liszt
78%
Igor Stravinsky
72%
Giuseppe Verdi
68%
Béla Bartók
56%
Piotr Ilitch Tchaïkovski
56%
Félix Mendelssohn
51%
Edvard Grieg
47%
Jean Sibelius
46%
Giacomo Puccini
36%
Alexandre Borodine
29%
Nikolaï Rimski-Korsakov
27%
Aucun quiz correspondant
Distribution des résultats
% des personnes avec chaque résultat
Percentile par nombre de réponses
Votre historique - résultats
Vous n’avez pas pris ce quiz